Statistics for Organs in the Respiratory System

Click here to take the quiz!

General Stats

  • This quiz has been taken 279 times
  • The average score is 4 of 7

Answer Stats

Organ% Correct
Lungs
99%
Trachea
72%
Bronchi
64%
Larynx
54%
Pharynx
40%
Diaphragm
32%
Nasal Cavity
23%

Score Distribution

Percentile by Number Answered

Percent of People with Each Score

Your Score History

You have not taken this quiz